00489nam a22001457a 4500003000400000020001800004082001900022100001800041245005600059260004600115300000800161942001200169952014500181999001700326SGT a9789386322289 a617.5252bN18M aMedina, Jesus aNeck Dissection Colour ATlas of Surgical techniques aNew Delhi, IndiabJaypee Publishersc2018 a176 2ddccBK 00102ddc4070aFDbFDcREFd2023-08-17eAhuja Book Co. Pvt. ltd. iSGTUo617.5252 N18MpFD9053r2023-08-17 00:00:00w2023-06-28yBKk16974 c24773d24773